Carmen y Lola /

Furkejuvvon:
Bibliográfalaš dieđut
Váldodahkki: Echevarría, Arantxa (realización)
Eará dahkkit: Echevarría, Arantxa (guión) (guión), Sánchez Díaz, Pilar (fotógrafo) (fotógrafo), Mora, Teresa (vestuario) (vestuario), Sanjuán, Renato (montaje) (montaje), Aranda, Nina (música) (música), Romero, Zaira (actuación) (actuación), Rodríguez, Rosy (actuación) (actuación), Borja, Moreno (actuación) (actuación)
Materiálatiipa: Dia
Giella:espánnjágiella
Fáttát:
Fáddágilkorat: Lasit fáddágilkoriid
Eai fáddágilkorat, Lasit vuosttaš fáddágilkora!

MARC

LEADER 00000ngm^a2200000^a^4500
001 000419687
005 20250521000000.0
009 20260310122449.89
037 |a Acervo ITESO - Biblioteca 
041 |a ESP 
082 |a Es 860.  |b ECH 
100 |a Echevarría, Arantxa  |e (realización) 
240 1 1 |a [Carmen y Lola] 
245 1 0 |a Carmen y Lola /  |c Realización de A. Echevarría. 
264 2 |a Madrid, España :  |b Karma Films [distribución],  |c 2018 
300 |a 1 DVD región 2 PAL (105 min.) :  |b color 
336 |a imagen móvil bidimensional  |b tdi  |2 rdacontenido 
337 |a video  |b v  |2 rdamedio 
338 |a videodisco  |b vd  |2 rdasoporte 
586 |a Premio Platino, del Cine Iberoamericano (6°: 2019): Mejor Opera Prima de Ficción (finalista) 
586 |a Premio Platino, del Cine Iberoamericano (6°: 2019): Premio al Cine y Educación en Valores (finalista) 
586 |a Premio Goya, de la Academia Española de Cine (33°: 2019): Mejor Película (finalista) 
586 |a Premio Goya, de la Academia Española de Cine (33°: 2019): Mejor Dirección Novel (ganadora: Arantxa Echevarría) 
649 |a XX 
650 |a Homosexuales en el Cine 
650 |a Homosexuales Gitanos -  |z España -  |x Condiciones Sociales y Culturales -  |x Tema Principal 
650 |a Homosexuales Españoles  |x Condiciones Sociales y Culturales 
650 |a Mujeres Gitanas -  |z España -  |x Condiciones Sociales y Culturales -  |x Tema Principal 
650 |a Mujeres Españolas  |x Condiciones Sociales y Culturales 
650 |a Gitanos en el Cine 
650 |a Gitanos -  |z España -  |x Condiciones Sociales y Culturales 
650 |a Cine Social y Político 
650 |a Melodramas 
650 |a Dramas Cinematográficos 
650 |a Opera Prima 
650 |a Cine Gay y Lésbico -  |z España 
650 |a Cine de Mujeres -  |z España 
650 |a Cine Español -  |y 2010-2019 
650 |a Cine Español -  |y Siglo XXI 
650 |a Amor 
650 |a Relaciones de Pareja 
650 |a Homofobia -  |z España -  |x Tema Principal 
650 |a Machismo -  |z España 
650 |a Discriminación de Género -  |z España 
650 |a Problemas Sociales -  |z España 
650 |a Zonas Conurbadas en el Cine 
650 |a Zonas Conurbadas -  |z Madrid, España -  |x Condiciones Sociales y Culturales 
650 |a Madrid, España en el Cine 
650 |a Madrid, España -  |x Condiciones Sociales y Culturales 
700 |a Echevarría, Arantxa  |e (guión) 
700 |a Sánchez Díaz, Pilar  |e (fotógrafo) 
700 |a Mora, Teresa  |e (vestuario) 
700 |a Sanjuán, Renato  |e (montaje) 
700 |a Aranda, Nina  |e (música) 
700 |a Romero, Zaira  |e (actuación) 
700 |a Rodríguez, Rosy  |e (actuación) 
700 |a Borja, Moreno  |e (actuación) 
910 |a Fondo General 
920 |a Audiovisuales - DVDs 
940 |a Películas 
905 |a 308 
901 |a 0500329173  |b IT2  |c DVR  |i C172314  |u 20250521 
902 |a https://opac.biblio.iteso.mx/vufind/Record/000419687